[Event "?"]
[Site "ICC 5 3 09/12/97, Internet Ch"]
[Date "1997.??.??"]
[Round "?"]
[White "Brause"]
[Black "Moogy"]
[Result "1-0"]
[WhiteElo "2510"]
[BlackElo "2610"]
[PlyCount "53"]

1. e4 e5 2. Nf3 Nf6 3. Nc3 Nc6 4. Nxe5 Nxe5 5. d4 Ng6 6. e5 Qe7 7. f4 d6 8. Be2
dxe5 9. fxe5 Bf5 10. O-O Be6 11. exf6 gxf6 12. Be3 O-O-O 13. d5 Bd7 14. Bxa7
Re8 15. Bd4 Ne5 16. Ne4 Rg8 17. Nxf6 Rg5 18. Qd2 h6 19. Qa5 c6 20. Qa8+ Kc7 21.
Nxe8+ Bxe8 22. Qa5+ b6 23. Qxb6+ Kd6 24. Bc5+ Kd7 25. Qb7+ Kd8 26. Bb6+ Qc7 27.
Qxc7# 1-0

[Event "?"]
[Site "ICC 5 3 09/12/97, Internet Ch"]
[Date "1997.??.??"]
[Round "?"]
[White "Brause"]
[Black "DinoSedycias"]
[Result "1-0"]
[WhiteElo "2500"]
[BlackElo "1710"]
[PlyCount "25"]

1. e4 e5 2. Nf3 Nc6 3. Nc3 Nf6 4. Nxe5 Nxe5 5. d4 Bb4 6. dxe5 Bxc3+ 7. bxc3
Nxe4 8. Qg4 O-O 9. Bh6 g6 10. Qxe4 Re8 11. Rd1 d6 12. Bc4 Rxe5 13. Qxe5 1-0

[Event "?"]
[Site "ICC 5 3 09/12/97, Internet Ch"]
[Date "1997.??.??"]
[Round "?"]
[White "Brause"]
[Black "Qzzq"]
[Result "1-0"]
[WhiteElo "2525"]
[BlackElo "2245"]
[PlyCount "61"]

1. e4 e5 2. Nf3 Nf6 3. Nc3 Nc6 4. Nxe5 Nxe5 5. d4 Ng6 6. e5 Ng8 7. Bc4 d6 8.
Qf3 Qd7 9. O-O dxe5 10. dxe5 Nxe5 11. Re1 Bd6 12. Bf4 f6 13. Bb5 c6 14. Rad1
Qe6 15. Qg3 Kf8 16. Bxe5 Bxe5 17. f4 cxb5 18. fxe5 Qb6+ 19. Re3 Bf5 20. Rd6 Qc5
21. Rd5 Qc7 22. Nxb5 Qb8 23. Rc3 Ne7 24. Rc7 Qe8 25. exf6 gxf6 26. Qd6 Be6 27.
Rd1 Qf7 28. Re1 Rc8 29. Rxe6 Rxc7 30. Nxc7 Rg8 31. Rxf6 1-0

[Event "?"]
[Site "ICC 5 3 09/12/97, Internet Ch"]
[Date "1997.??.??"]
[Round "?"]
[White "Brause"]
[Black "brit"]
[Result "1-0"]
[WhiteElo "2555"]
[BlackElo "2035"]
[PlyCount "77"]

1. e4 e5 2. Nf3 Nc6 3. Nc3 Nf6 4. Nxe5 Nxe5 5. d4 Ng6 6. e5 Ng8 7. Bc4 Bb4 8.
Qf3 f5 9. h4 d5 10. Qxd5 Qxd5 11. Bxd5 c6 12. Bf3 Be6 13. a3 Bxc3+ 14. bxc3
O-O-O 15. Bg5 Rd7 16. Bh5 N8e7 17. Rd1 Bc4 18. Bxg6 hxg6 19. Bxe7 Rxe7 20. f4
Kd7 21. Kf2 Ke6 22. Ke3 Rd7 23. a4 Rd5 24. Rb1 b5 25. axb5 Rxb5 26. Rxb5 cxb5
27. Ra1 Rxh4 28. Ra6+ Kf7 29. Rxa7+ Kg8 30. Rd7 Rh1 31. d5 Re1+ 32. Kd4 Re4+
33. Kc5 Rxf4 34. e6 Re4 35. e7 Kh7 36. d6 Bf7 37. Rd8 g5 38. Rf8 Bg6 39. d7 1-0

[Event "?"]
[Site "ICC 5 3 09/12/97, Internet Ch"]
[Date "1997.??.??"]
[Round "?"]
[White "Brause"]
[Black "brit"]
[Result "1-0"]
[WhiteElo "2560"]
[BlackElo "2035"]
[PlyCount "73"]

1. e4 e5 2. Nf3 Nc6 3. Nc3 Nf6 4. Nxe5 Nxe5 5. d4 Ng6 6. e5 Ng8 7. Bc4 Bb4 8.
Qf3 f5 9. h4 d5 10. Bb3 Be6 11. Bg5 N8e7 12. h5 Nf8 13. O-O-O Qd7 14. Bxe7 Bxe7
15. Bxd5 Bxd5 16. Nxd5 O-O-O 17. Nxe7+ Qxe7 18. Qxf5+ Kb8 19. Kb1 Nd7 20. Rhf1
Rdf8 21. Qg4 Nb6 22. c3 Nd5 23. c4 Nb6 24. c5 Nd5 25. g3 Rhg8 26. Qe4 Qe6 27.
Qxh7 Rf3 28. Rd3 Rxd3 29. Qxd3 Qg4 30. c6 bxc6 31. Rc1 Rf8 32. f4 Qxh5 33. Rxc6
Qh1+ 34. Rc1 Qg2 35. Qb3+ Nb6 36. Qc2 Rf7 37. Qxg2 1-0

[Event "?"]
[Site "ICC 5 3 09/13/97, Internet Ch"]
[Date "1997.??.??"]
[Round "?"]
[White "Brause"]
[Black "brit"]
[Result "1-0"]
[WhiteElo "2560"]
[BlackElo "2035"]
[PlyCount "195"]

1. e4 e5 2. Nf3 Nc6 3. Nc3 Nf6 4. Nxe5 Nxe5 5. d4 Ng6 6. e5 Bb4 7. exf6 Qxf6 8.
Bc4 O-O 9. O-O Bxc3 10. bxc3 d6 11. Rb1 b6 12. Bd5 Rb8 13. Rb3 Be6 14. c4 Bxd5
15. cxd5 Rfe8 16. Re3 Re7 17. Rfe1 Rbe8 18. Qg4 Rxe3 19. Rxe3 Rxe3 20. Qc8+ Nf8
21. Bxe3 Qe7 22. Qa6 Qe4 23. Qc4 Qe7 24. g3 a5 25. Kg2 h6 26. Kf3 Nh7 27. Ke2
Qd7 28. a4 Nf6 29. f3 Kh7 30. h4 Ne8 31. Bf4 g6 32. c3 Qe7+ 33. Kf2 Qd7 34. Qc6
Qxc6 35. dxc6 Kg7 36. c4 f6 37. Bd2 g5 38. hxg5 hxg5 39. c5 Kf7 40. cxb6 cxb6
41. d5 Nc7 42. Be3 Nxd5 43. c7 Nxc7 44. Bxb6 Ne6 45. Bxa5 Nc5 46. Bc7 Nxa4 47.
Bxd6 Nb6 48. Bb4 Ke6 49. Bd2 Nd5 50. Ke2 Kf5 51. g4+ Ke5 52. Kf2 Nf4 53. Bc3+
Ke6 54. Bd4 Nd5 55. Ke2 Nf4+ 56. Ke3 Nd5+ 57. Ke4 Nf4 58. Be3 Ng6 59. Bb6 Ne7
60. Bd8 Ng6 61. Ba5 Ne5 62. Bc7 Ng6 63. Bd8 Ne5 64. Ba5 Ng6 65. Bc3 Ne7 66. Bd2
Nd5 67. Ba5 Ne7 68. Bb6 Nd5 69. Bc5 Nf4 70. Kd4 Ng6 71. Ke3 Ne5 72. Ke4 Ng6 73.
Be3 Ne5 74. Bd4 Ng6 75. Bb2 Nf4 76. Bc3 Ng6 77. Be1 Nf4 78. Bg3 Ng6 79. Bf2 Ne5
80. Be1 Ng6 81. Bd2 Ne5 82. Bb4 Ng6 83. Ba3 Ne5 84. Bf8 Ng6 85. Bb4 Ne5 86. Ba3
Ng6 87. Bc1 Ne5 88. Bd2 Ng6 89. f4 gxf4 90. Bxf4 Ne7 91. Kd4 Ng6 92. Bc7 Ne7
93. Kd3 Nd5 94. Bb8 Ne7 95. Bg3 Ng6 96. Bc7 Ne5+ 97. Bxe5 Kxe5 98. Ke3 1-0

[Event "?"]
[Site "ICC 5 3 09/13/97, Internet Ch"]
[Date "1997.??.??"]
[Round "?"]
[White "Brause"]
[Black "brit"]
[Result "1-0"]
[WhiteElo "2560"]
[BlackElo "2030"]
[PlyCount "75"]

1. e4 e5 2. Nf3 Nc6 3. Nc3 Nf6 4. Nxe5 Nxe5 5. d4 Ng6 6. e5 Ng8 7. Bc4 Bb4 8.
Qf3 f5 9. h4 d5 10. Qxd5 Qxd5 11. Bxd5 c6 12. Bb3 Nf8 13. a3 Bxc3+ 14. bxc3 Be6
15. O-O Ne7 16. Bg5 h6 17. Be3 g6 18. c4 O-O-O 19. Rad1 Bf7 20. a4 Nd7 21. Bf4
Nb6 22. c5 Nbd5 23. Bd2 Rh7 24. a5 a6 25. c4 Nc7 26. Be3 Rg8 27. f4 Rd8 28. Rd2
Rd7 29. Ra1 Rh8 30. Rad1 Rhd8 31. Kh1 Kb8 32. Rb1 Ng8 33. Ba4 Ka8 34. d5 cxd5
35. Bxd7 Rxd7 36. Rdb2 Ne8 37. c6 bxc6 38. Rb8# 1-0

[Event "?"]
[Site "ICC 5 3 09/13/97, Internet Ch"]
[Date "1997.??.??"]
[Round "?"]
[White "Brause"]
[Black "weebee"]
[Result "1-0"]
[WhiteElo "2635"]
[BlackElo "2120"]
[PlyCount "143"]

1. e4 e5 2. Nf3 Nf6 3. Nc3 Nc6 4. Nxe5 Nxe5 5. d4 Nc6 6. d5 Ne5 7. f4 Ng6 8. e5
Ng8 9. d6 cxd6 10. exd6 Qh4+ 11. g3 Qf6 12. Nb5 Rb8 13. Be3 b6 14. Bd4 Qe6+ 15.
Be2 Kd8 16. Qd3 Bb7 17. Rf1 Be4 18. f5 Bxd3 19. fxe6 Bxb5 20. e7+ N8xe7 21.
dxe7+ Bxe7 22. Bxb5 f6 23. O-O-O Rc8 24. Rf2 Rc7 25. Rfd2 Re8 26. Be3 Ne5 27.
Bf4 Bc5 28. a3 Kc8 29. Kb1 a5 30. c3 h5 31. Bxe5 Rxe5 32. Bxd7+ Kb7 33. Kc2 f5
34. Rd5 Re2+ 35. R1d2 Rxd2+ 36. Kxd2 g6 37. Be8 Rg7 38. Re5 Bg1 39. Re2 Rg8 40.
Re7+ Kc8 41. Bf7 Rd8+ 42. Ke2 Bxh2 43. Bxg6 Bxg3 44. Bxf5+ Kb8 45. Be4 Rd6 46.
Ke3 Rh6 47. b4 h4 48. bxa5 bxa5 49. c4 h3 50. c5 h2 51. Bh1 Rf6 52. Rb7+ Kc8
53. Ra7 Be1 54. Ke2 Bc3 55. c6 Rf5 56. a4 Rg5 57. Kd3 Bb4 58. Rh7 Bd6 59. Kd4
Rg1 60. Be4 Bc7 61. Rh8+ Bd8 62. Rxh2 Rg4 63. Rh8 Kc7 64. Rh7+ Kb6 65. Rb7+ Ka6
66. c7 Bf6+ 67. Kc5 Be7+ 68. Kc6 Rxe4 69. Rb6+ Ka7 70. Ra6+ Kxa6 71. c8=Q+ Ka7
72. Qb7# 1-0

[Event "?"]
[Site "ICC 5 3 09/13/97, Internet Ch"]
[Date "1997.??.??"]
[Round "?"]
[White "Brause"]
[Black "weebee"]
[Result "1-0"]
[WhiteElo "2635"]
[BlackElo "2120"]
[PlyCount "91"]

1. e4 e5 2. Nf3 Nf6 3. Nc3 Nc6 4. Nxe5 Nxe5 5. d4 Nc6 6. d5 Ne5 7. f4 Ng6 8. e5
Ng8 9. d6 cxd6 10. exd6 Qh4+ 11. g3 Qf6 12. Nb5 Rb8 13. Be3 b6 14. Bd4 Qe6+ 15.
Be2 Kd8 16. Qd3 Bb7 17. Rf1 Be4 18. f5 Bxd3 19. fxe6 Bxe2 20. e7+ N8xe7 21.
dxe7+ Bxe7 22. Kxe2 Re8 23. Nxa7 Bc5+ 24. Kd3 Bxd4 25. Kxd4 f6 26. Rf2 Ne5 27.
Nb5 Re6 28. b3 Ng4 29. Rd2 f5 30. c4 Rc8 31. a4 Ke7 32. Nc3 Rd6+ 33. Nd5+ Kf7
34. Re1 Re8 35. Rxe8 Kxe8 36. h3 Nf6 37. Ke5 Re6+ 38. Kxf5 Kf7 39. h4 g6+ 40.
Kf4 Nh5+ 41. Kf3 Rd6 42. Kg2 Nf6 43. Rf2 Kg7 44. Nxf6 Rxf6 45. Rxf6 Kxf6 46. c5
1-0

[Event "?"]
[Site "ICC 5 3 09/13/97, Internet Ch"]
[Date "1997.??.??"]
[Round "?"]
[White "Brause"]
[Black "weebee"]
[Result "1-0"]
[WhiteElo "2635"]
[BlackElo "2120"]
[PlyCount "27"]

1. e4 e5 2. Nf3 Nf6 3. Nc3 Nc6 4. Nxe5 Nxe5 5. d4 Bb4 6. dxe5 Bxc3+ 7. bxc3
Nxe4 8. Qg4 d5 9. Qxg7 Rf8 10. Bh6 Qe7 11. Bd3 Bf5 12. Qxf8+ Qxf8 13. Bxf8 Kxf8
14. f3 1-0

[Event "?"]
[Site "ICC 5 3 09/13/97, Internet Ch"]
[Date "1997.??.??"]
[Round "?"]
[White "Brause"]
[Black "weebee"]
[Result "0-1"]
[WhiteElo "2640"]
[BlackElo "2115"]
[PlyCount "115"]

1. e4 e5 2. Nf3 Nf6 3. Nc3 Nc6 4. Nxe5 Nxe5 5. d4 Nc6 6. d5 Ne5 7. f4 Ng6 8. e5
Ng8 9. d6 cxd6 10. exd6 Qa5 11. h4 h5 12. Qd4 Qb6 13. Qxb6 axb6 14. f5 Ne5 15.
Be3 Bxd6 16. O-O-O Bc7 17. Nd5 Bd8 18. Kb1 Nf6 19. Bf4 d6 20. Bb5+ Bd7 21. Bxe5
Bxb5 22. Nxf6+ Bxf6 23. Bxf6 gxf6 24. Rxd6 Bc6 25. Re1+ Kf8 26. g3 Ra6 27. Rxf6
Kg7 28. Rd6 Rha8 29. a3 Ra5 30. Rf1 Rd5 31. Rxd5 Bxd5 32. Rf4 f6 33. c4 Bc6 34.
g4 hxg4 35. Rxg4+ Kf7 36. Rf4 Re8 37. Kc2 Re4 38. Rxe4 Bxe4+ 39. Kd2 Bxf5 40.
Ke3 Ke6 41. Kf4 Bd3 42. h5 Bxc4 43. Ke4 f5+ 44. Kd4 Be2 45. h6 Kf6 46. Ke3 Bg4
47. a4 Kg6 48. Kf4 Kxh6 49. b4 Kg6 50. Ke5 Kg5 51. a5 bxa5 52. bxa5 Bf3 53. Kd4
Kg4 54. Kc3 Kg3 55. Kd3 Kf2 56. Kd4 Be4 57. Kc3 Ke3 58. Kc4 0-1

[Event "?"]
[Site "ICC 5 3 09/13/97, Internet Ch"]
[Date "1997.??.??"]
[Round "?"]
[White "Brause"]
[Black "weebee"]
[Result "0-1"]
[WhiteElo "2610"]
[BlackElo "2145"]
[PlyCount "199"]

1. e4 e5 2. Nf3 Nf6 3. Nc3 Nc6 4. Nxe5 Nxe5 5. d4 Nc6 6. d5 Ne5 7. f4 Ng6 8. e5
Ng8 9. d6 cxd6 10. exd6 Qa5 11. Qd4 Qb6 12. Qxb6 axb6 13. Nb5 Kd8 14. Be3 Ra6
15. f5 Ne5 16. Nc3 b5 17. Bxb5 Rxd6 18. Bc5 Nf6 19. Bxd6 Bxd6 20. O-O-O Bc5 21.
Na4 Be3+ 22. Kb1 Neg4 23. Rde1 Ne4 24. h3 Nd2+ 25. Ka1 Nf2 26. Rhg1 Bd4 27. c3
Ba7 28. Re2 Nde4 29. Rge1 d5 30. c4 Bxf5 31. cxd5 Bd4 32. h4 Nd6 33. Nc3 Ng4
34. Ba4 Bf2 35. Rh1 Bd3 36. Rd2 Bc4 37. Rh3 f5 38. Nd1 Bc5 39. Rc2 Bd4 40. Kb1
f4 41. Ka1 Ne3 42. Rd2 Be5 43. Nxe3 fxe3 44. Rxe3 Bf4 45. Ree2 Bxe2 46. Rxe2
Bg3 47. h5 Rf8 48. Bc2 Rf1+ 49. Bb1 Nc4 50. a3 Rh1 51. Rc2 Nb6 52. Rc3 Be5 53.
Rh3 Rg1 54. g4 h6 55. Ka2 Rxg4 56. Bf5 Rg5 57. Bg6 Kc7 58. Be4 Nd7 59. b4 Nf6
60. Bf3 Kd6 61. Kb3 Nxd5 62. Rh1 Rg3 63. Rf1 Ne3 64. Rf2 Bd4 65. Rd2 Ke5 66.
Be2 Nf1+ 67. Rd3 Rxd3+ 68. Bxd3 Ng3 69. Bg6 b6 70. Kc4 Ne2 71. a4 Nf4 72. Be8
Ne6 73. a5 bxa5 74. bxa5 Ba7 75. Kb4 Nc7 76. Ba4 Kf6 77. Bc6 Kg5 78. Bf3 Be3
79. Kc3 Bg1 80. Kd2 Kf4 81. Be2 Bc5 82. Kc3 Ba7 83. Bc4 Kg5 84. Bf7 Kf6 85. Bc4
Ne6 86. Bd5 Nf4 87. Bf3 Kg5 88. Kb4 Nxh5 89. Bd5 Nf4 90. Bc6 Ne6 91. a6 Nc7 92.
Ka5 Kf4 93. Ba4 g5 94. Bc6 g4 95. Bg2 h5 96. Bf1 h4 97. Kb4 Ke3 98. Bg2 h3 99.
Bf1 Kf2 100. Bd3 0-1

[Event "?"]
[Site "ICC 5 3 09/13/97, Internet Ch"]
[Date "1997.??.??"]
[Round "?"]
[White "Brause"]
[Black "weebee"]
[Result "1-0"]
[WhiteElo "2580"]
[BlackElo "2175"]
[PlyCount "137"]

1. e4 e5 2. Nf3 Nf6 3. Nc3 Nc6 4. Nxe5 Nxe5 5. d4 Nc6 6. d5 Ne5 7. f4 Ng6 8. e5
Ng8 9. d6 cxd6 10. exd6 Qa5 11. Qd4 Qb6 12. Qxb6 axb6 13. Nb5 Ra4 14. b3 Re4+
15. Kf2 Nf6 16. Bd3 Kd8 17. f5 Ne5 18. Bxe4 Nxe4+ 19. Ke2 Nxd6 20. Nxd6 Bxd6
21. Bb2 Re8 22. Kd2 Bb4+ 23. c3 Be7 24. c4 Bg5+ 25. Kc2 d5 26. Rhf1 dxc4 27.
Bd4 Ng4 28. Bxb6+ Kd7 29. h3 Re2+ 30. Kc3 Bf6+ 31. Kxc4 Bxa1 32. Rxa1 Ne5+ 33.
Kd5 Nd3 34. g4 Nf4+ 35. Kd4 Kc6 36. Ba5 b6 37. Rc1+ Kb7 38. Bxb6 Rxa2 39. Ke4
Nxh3 40. Bd4 Ng5+ 41. Kf4 f6 42. Re1 Bd7 43. Re7 Kc6 44. Rxg7 Nh3+ 45. Kg3 Ng5
46. Kf4 Ra3 47. Bxf6 Nh3+ 48. Ke4 Rxb3 49. Bd4 h6 50. Rg6+ Kc7 51. Rxh6 Ng5+
52. Kd5 Nf7 53. Rf6 Rb5+ 54. Bc5 Be8 55. Kd4 Ng5 56. Bd6+ Kd7 57. Ba3 Bf7 58.
Bf8 Rd5+ 59. Ke3 Rd1 60. Bh6 Re1+ 61. Kd3 Rd1+ 62. Ke2 Rd6 63. Bxg5 Rxf6 64.
Bxf6 Kd6 65. g5 Bh5+ 66. Ke3 Kd7 67. g6 Bxg6 68. fxg6 Ke6 69. Bh4 1-0

[Event "?"]
[Site "ICC 5 3 09/13/97, Internet Ch"]
[Date "1997.??.??"]
[Round "?"]
[White "Brause"]
[Black "denizhan"]
[Result "1-0"]
[WhiteElo "2540"]
[BlackElo "2075"]
[PlyCount "105"]

1. e4 e5 2. Nf3 Nc6 3. Nc3 Nf6 4. Nxe5 Be7 5. Nxc6 dxc6 6. Be2 Kf8 7. O-O g6 8.
d3 Kg7 9. Be3 Be6 10. Qd2 Re8 11. e5 Nd5 12. Bh6+ Kg8 13. Ne4 f6 14. c4 Nb6 15.
exf6 Bxf6 16. Nxf6+ Qxf6 17. Rae1 a5 18. Bd1 Nd7 19. Be2 Nb6 20. Bf3 Nd7 21.
Bf4 Rac8 22. Re2 Nc5 23. Rfe1 Bf7 24. Rxe8+ Rxe8 25. Rxe8+ Bxe8 26. Bxc7 Qe7
27. Bxa5 b6 28. Bxb6 Nxd3 29. Qxd3 Qe1+ 30. Qf1 Qb4 31. Bd4 Bf7 32. b3 Qa5 33.
Bxc6 Qxa2 34. Qa1 Qxa1+ 35. Bxa1 Kf8 36. Bd5 Be8 37. Be5 Ke7 38. c5 g5 39. c6
Kd8 40. c7+ Kc8 41. Be6+ Bd7 42. Bxd7+ Kxd7 43. b4 h5 44. b5 g4 45. b6 Kc8 46.
f3 gxf3 47. gxf3 h4 48. f4 h3 49. f5 Kb7 50. f6 Ka6 51. c8=Q+ Kxb6 52. f7 Ka7
53. Bd4# 1-0

[Event "?"]
[Site "ICC 5 3 09/13/97, Internet Ch"]
[Date "1997.??.??"]
[Round "?"]
[White "Brause"]
[Black "SirJames"]
[Result "1-0"]
[WhiteElo "2520"]
[BlackElo "2160"]
[PlyCount "41"]

1. e4 e5 2. Nf3 Nc6 3. Nc3 Nf6 4. Nxe5 Nxe5 5. d4 Nc6 6. d5 Nb8 7. e5 Ng8 8. d6
cxd6 9. exd6 Qb6 10. Nb5 Na6 11. Qe2+ Kd8 12. Be3 Qa5+ 13. c3 Nf6 14. Qc4 Ke8
15. Bxa7 Bxd6 16. Nxd6+ Ke7 17. O-O-O Qg5+ 18. Be3 Qh5 19. Re1 Rd8 20. Nxb7
Bxb7 21. Bc5# 1-0

[Event "?"]
[Site "ICC 5 3 09/13/97, Internet Ch"]
[Date "1997.??.??"]
[Round "?"]
[White "Brause"]
[Black "SirJames"]
[Result "1-0"]
[WhiteElo "2530"]
[BlackElo "2155"]
[PlyCount "57"]

1. e4 e5 2. Nf3 Nc6 3. Nc3 Nf6 4. Nxe5 Nxe5 5. d4 Ng6 6. e5 Ng8 7. Bc4 c6 8.
Qf3 d5 9. exd6 Be6 10. Bxe6 fxe6 11. Ne4 Bxd6 12. Qb3 Qe7 13. Nxd6+ Qxd6 14.
Qxb7 Rd8 15. Qxa7 N8e7 16. c3 O-O 17. O-O Nf5 18. Qc5 Qc7 19. Qc4 Kh8 20. Qxe6
Rde8 21. Qc4 Nfh4 22. Bg5 Qd7 23. Bxh4 Nxh4 24. d5 Nxg2 25. Kxg2 cxd5 26. Qd3
Re4 27. Rad1 Qg4+ 28. Kh1 d4 29. f3 1-0

[Event "?"]
[Site "ICC 5 3 09/13/97, Internet Ch"]
[Date "1997.??.??"]
[Round "?"]
[White "Brause"]
[Black "denizhan"]
[Result "1-0"]
[WhiteElo "2530"]
[BlackElo "2090"]
[PlyCount "51"]

1. e4 e5 2. Nf3 Nc6 3. Nc3 Nf6 4. Nxe5 Nxe5 5. d4 Nc6 6. d5 Ne5 7. f4 Ng6 8. e5
Ng8 9. d6 cxd6 10. exd6 Qf6 11. Nb5 Kd8 12. Be3 Nxf4 13. Qd2 Ne6 14. O-O-O g5
15. Nc7 Bg7 16. c3 Rb8 17. Bxa7 Nxc7 18. dxc7+ Kxc7 19. Bd4 Qg6 20. Bxg7 Qxg7
21. Qd6+ Kd8 22. Bb5 Nf6 23. Qb6+ Ke8 24. Rhe1+ Kf8 25. Qd8+ Ne8 26. Rxe8# 1-0

[Event "?"]
[Site "ICC 5 3 09/13/97, Internet Ch"]
[Date "1997.??.??"]
[Round "?"]
[White "Brause"]
[Black "denizhan"]
[Result "1-0"]
[WhiteElo "2535"]
[BlackElo "2085"]
[PlyCount "46"]

1. e4 e5 2. Nf3 Nc6 3. Nc3 Nf6 4. Nxe5 Nxe5 5. d4 Ng6 6. e5 d5 7. exf6 gxf6 8.
Qe2+ Be6 9. Qb5+ Bd7 10. Qxb7 Bd6 11. Bd3 O-O 12. O-O Kh8 13. Bh6 Rg8 14. Qxd5
Be6 15. Qh5 Nh4 16. Qxh4 Rg4 17. Qh5 Qg8 18. Be4 Rb8 19. h3 Rxe4 20. Nxe4 Rb5
21. Qxb5 Bxh3 22. Ng3 Bxg3 23. fxg3 Qxg3 1-0

[Event "?"]
[Site "ICC 5 3 09/22/97, Internet Ch"]
[Date "1997.??.??"]
[Round "?"]
[White "Brause"]
[Black "MrsLovett"]
[Result "0-1"]
[WhiteElo "2495"]
[BlackElo "2735"]
[PlyCount "155"]

1. e4 e5 2. Nf3 Nc6 3. Nc3 Nf6 4. Nxe5 Nxe5 5. d4 Ng6 6. e5 Ng8 7. Bc4 Bb4 8.
Qf3 Bxc3+ 9. bxc3 Qe7 10. O-O f6 11. exf6 Qxf6 12. Qh5 d6 13. Bg5 Qf5 14. Rfe1+
Kf8 15. Bxg8 h6 16. Bd5 Qxg5 17. Qf3+ Qf6 18. Bxb7 Qxf3 19. Bxf3 Rb8 20. Bd5
Nf4 21. Bb3 Ba6 22. c4 Bb7 23. f3 g5 24. Rab1 Rh7 25. Ba4 c5 26. g3 Nh5 27.
dxc5 dxc5 28. Re5 Re7 29. Rxe7 Kxe7 30. Bc6 Bxc6 31. Rxb8 Bxf3 32. Rb5 Kd6 33.
Ra5 Nf6 34. Rxa7 Be4 35. Ra6+ Ke5 36. c3 Bd3 37. Rc6 Ne4 38. a4 Bxc4 39. a5 Bd5
40. Rxh6 Nxc3 41. a6 c4 42. Rh8 Nb5 43. Rb8 Na7 44. Kf2 Kd4 45. Rb1 c3 46. Rd1+
Kc4 47. Rc1 Kb3 48. Ke3 Kb2 49. Re1 c2 50. Kd2 Nc6 51. a7 Ne5 52. Ke3 Nf3 53.
Rh1 c1=Q+ 54. Rxc1 Kxc1 55. h3 Kc2 56. Ke2 Nd4+ 57. Kf2 Kd3 58. h4 gxh4 59.
gxh4 Nb5 60. h5 Nxa7 61. Kg3 Nc6 62. Kf4 Be4 63. Kg5 Ke3 64. h6 Nd4 65. Kf6 Kf4
66. Kf7 Kg5 67. h7 Bxh7 68. Kg7 Bf5 69. Kg8 Kf6 70. Kh8 Be4 71. Kg8 Ne6 72. Kh8
Ng5 73. Kg8 Nf7 74. Kf8 Bh7 75. Ke8 Ne5 76. Kd8 Be4 77. Ke8 Bd5 78. Kd8 0-1

[Event "?"]
[Site "ICC 5 0 08/28/97, Internet Ch"]
[Date "1997.??.??"]
[Round "?"]
[White "Brause"]
[Black "UBet"]
[Result "1-0"]
[WhiteElo "2465"]
[BlackElo "2330"]
[PlyCount "31"]

1. e4 e5 2. Nf3 Nc6 3. Nc3 Nf6 4. Nxe5 Nxe5 5. d4 Ng6 6. e5 Ng8 7. Bc4 d5 8.
Bxd5 c6 9. Bb3 Bb4 10. O-O N8e7 11. Ne4 O-O 12. c3 Ba5 13. Qh5 Bf5 14. Nf6+
gxf6 15. exf6 Nd5 16. Bxd5 1-0

[Event "?"]
[Site "ICC 5 3 09/15/97, Internet Ch"]
[Date "1997.??.??"]
[Round "?"]
[White "Brause"]
[Black "Tepir"]
[Result "1-0"]
[WhiteElo "2540"]
[BlackElo "2090"]
[PlyCount "31"]

1. e4 e5 2. Nf3 Nc6 3. Nc3 Nf6 4. Nxe5 Nxe5 5. d4 Nc6 6. d5 Nb8 7. e5 Ng8 8. d6
cxd6 9. exd6 Qf6 10. Nb5 Qe5+ 11. Be2 Na6 12. O-O Nf6 13. Re1 Kd8 14. Be3 b6
15. Bc4 Qh5 16. Nxa7 1-0

[Event "?"]
[Site "ICC 5 3 09/15/97, Internet Ch"]
[Date "1997.??.??"]
[Round "?"]
[White "Brause"]
[Black "Tepir"]
[Result "1-0"]
[WhiteElo "2545"]
[BlackElo "2100"]
[PlyCount "37"]

1. e4 e5 2. Nf3 Nc6 3. Nc3 Nf6 4. Nxe5 Nxe5 5. d4 Ng6 6. e5 Ng8 7. Bc4 Bb4 8.
Qf3 Qe7 9. O-O Bxc3 10. bxc3 Nh6 11. g3 O-O 12. Qh5 Re8 13. Bxh6 gxh6 14. Qxh6
b6 15. f4 Qf8 16. Qh5 Qg7 17. f5 Nf8 18. Rf4 Qh8 19. Qxf7# 1-0

[Event "?"]
[Site "ICC 5 3 09/16/97, Internet Ch"]
[Date "1997.??.??"]
[Round "?"]
[White "Brause"]
[Black "RookieGM"]
[Result "1-0"]
[WhiteElo "2590"]
[BlackElo "2070"]
[PlyCount "65"]

1. e4 e5 2. Nf3 Nc6 3. Nc3 Nf6 4. Nxe5 Nxe5 5. d4 Ng6 6. e5 Qe7 7. f4 c6 8. Be2
Nd5 9. Nxd5 cxd5 10. Qd3 b6 11. O-O Bb7 12. Bd2 a5 13. Qb3 Qd8 14. f5 Ne7 15.
f6 Nc6 16. fxg7 Bxg7 17. Qg3 Nxd4 18. Qxg7 Nxe2+ 19. Kh1 Rf8 20. Bh6 Qe7 21.
Rf2 Nd4 22. Qxh7 O-O-O 23. Bxf8 Rxf8 24. Re1 Ne6 25. a3 d4 26. Ref1 Bd5 27. Qd3
Kb7 28. Rf6 Rg8 29. R1f2 Rxg2 30. Rxg2 Bxg2+ 31. Kxg2 Qxf6 32. Qe4+ Kc7 33.
exf6 1-0

[Event "?"]
[Site "ICC 5 3 09/16/97, Internet Ch"]
[Date "1997.??.??"]
[Round "?"]
[White "Brause"]
[Black "Tepir"]
[Result "1-0"]
[WhiteElo "2615"]
[BlackElo "2075"]
[PlyCount "29"]

1. e4 e5 2. Nf3 Nc6 3. Nc3 Nf6 4. Nxe5 Nxe5 5. d4 Nc6 6. d5 Nb8 7. e5 Ng8 8. d6
cxd6 9. exd6 Qf6 10. Nb5 Na6 11. Bc4 Nh6 12. O-O b6 13. Re1+ Kd8 14. Qd5 Rb8
15. Bg5 1-0

[Event "?"]
[Site "ICC 5 3 09/16/97, Internet Ch"]
[Date "1997.??.??"]
[Round "?"]
[White "Brause"]
[Black "Tepir"]
[Result "1-0"]
[WhiteElo "2635"]
[BlackElo "2060"]
[PlyCount "31"]

1. e4 e5 2. Nf3 Nc6 3. Nc3 Nf6 4. Nxe5 Nxe5 5. d4 Ng6 6. e5 Ng8 7. Bc4 Bb4 8.
Qf3 Qe7 9. O-O Bxc3 10. bxc3 Nh6 11. g3 O-O 12. Qh5 d6 13. Bxh6 gxh6 14. f4 c6
15. f5 d5 16. f6 1-0

[Event "?"]
[Site "ICC 5 3 09/16/97, Internet Ch"]
[Date "1997.??.??"]
[Round "?"]
[White "Brause"]
[Black "Tepir"]
[Result "1-0"]
[WhiteElo "2635"]
[BlackElo "2055"]
[PlyCount "47"]

1. e4 e5 2. Nf3 Nc6 3. Nc3 Nf6 4. Nxe5 Nxe5 5. d4 Ng6 6. e5 Ng8 7. Bc4 d5 8.
Bxd5 c6 9. Bb3 Bb4 10. O-O Bxc3 11. bxc3 N8e7 12. f4 Be6 13. g4 Bxb3 14. axb3
Qd5 15. c4 Qd7 16. f5 Nf8 17. f6 gxf6 18. exf6 Neg6 19. d5 O-O-O 20. Rxa7 Kb8
21. Be3 cxd5 22. Qd4 dxc4 23. Ra8+ Kxa8 24. Qa7# 1-0

[Event "?"]
[Site "ICC 5 3 09/16/97, Internet Ch"]
[Date "1997.??.??"]
[Round "?"]
[White "Brause"]
[Black "Tepir"]
[Result "1-0"]
[WhiteElo "2635"]
[BlackElo "2055"]
[PlyCount "149"]

1. e4 e5 2. Nf3 Nc6 3. Nc3 Nf6 4. Nxe5 Nxe5 5. d4 Ng6 6. e5 Ng8 7. Bc4 d5 8.
Bxd5 N8e7 9. Bb3 c5 10. dxc5 Qxd1+ 11. Nxd1 Nxe5 12. O-O Bd7 13. f4 N5c6 14.
Nc3 Nd4 15. Be3 Nxb3 16. axb3 a6 17. Ne4 Nd5 18. Bd4 O-O-O 19. c4 Nb4 20. Nd6+
Bxd6 21. cxd6 f6 22. Rac1 Bc6 23. c5 Bd5 24. Rc3 Rhe8 25. Rg3 Rg8 26. Bc3 Nc6
27. Re1 Kd7 28. b4 Rdf8 29. Rh3 Rh8 30. Rd3 Bc4 31. Rde3 Rf7 32. Rc1 f5 33.
Bxg7 Rxg7 34. Rxc4 Rhg8 35. g3 h5 36. Kf2 h4 37. Rf3 hxg3+ 38. Rxg3 Rxg3 39.
hxg3 Rh8 40. Kg2 Re8 41. Kf3 Re1 42. b3 Rb1 43. Rc3 Nxb4 44. g4 fxg4+ 45. Kxg4
Rg1+ 46. Kf5 Rf1 47. Ke5 Nc6+ 48. Kf5 Rb1 49. Rh3 Rxb3 50. Rh7+ Kc8 51. Ke6 a5
52. Rg7 a4 53. Rc7+ Kd8 54. Rh7 Kc8 55. Rc7+ Kb8 56. Rg7 a3 57. Rg1 a2 58. Ra1
Ra3 59. Kf7 Kc8 60. f5 Kd7 61. f6 Nd8+ 62. Kg6 Ke6 63. Kg5 Nf7+ 64. Kg6 Ne5+
65. Kg5 Kd5 66. Kf5 Nd7 67. f7 Kxc5 68. Ke6 Kc6 69. Ke7 Ra4 70. Rc1+ Kd5 71.
Kxd7 a1=Q 72. Rxa1 Rf4 73. Rd1+ Ke5 74. Ke7 Rf6 75. Re1+ 1-0

[Event "?"]
[Site "ICC 5 3 09/16/97, Internet Ch"]
[Date "1997.??.??"]
[Round "?"]
[White "Brause"]
[Black "sm"]
[Result "0-1"]
[WhiteElo "2640"]
[BlackElo "2585"]
[PlyCount "173"]

1. e4 e5 2. Nf3 Nc6 3. Nc3 Nf6 4. Nxe5 Nxe5 5. d4 Ng6 6. e5 Ng8 7. Bc4 c6 8.
Qf3 d5 9. exd6 Be6 10. Bxe6 fxe6 11. Ne4 Bxd6 12. Qb3 Nf6 13. Qxb7 O-O 14. Qxc6
Nxe4 15. Qxe4 Qa5+ 16. Bd2 Qd5 17. Qxd5 exd5 18. O-O Rab8 19. b3 Rbc8 20. c3
Bf4 21. Be1 Rfe8 22. g3 Bd6 23. f4 Ne7 24. Bd2 Ba3 25. Rae1 Bb2 26. Rf3 Nf5 27.
Re5 Nd6 28. Rxd5 Ne4 29. Be1 Nxc3 30. Bxc3 Bxc3 31. Rd7 Re4 32. Rd3 Re2 33. a4
a5 34. Rd1 Bb4 35. g4 Rc3 36. Rd8+ Kf7 37. Rd7+ Kf6 38. Rb7 Rcc2 39. Rb6+ Ke7
40. Rb7+ Kd6 41. Rxg7 Rg2+ 42. Kh1 Rxh2+ 43. Kg1 Rcg2+ 44. Kf1 Bd2 45. Rxh7
Rf2+ 46. Kg1 Rfg2+ 47. Kf1 Rf2+ 48. Kg1 Rhg2+ 49. Kh1 Bxf4 50. Rf1 Rxf1+ 51.
Kxg2 Rb1 52. Kf3 Bd2 53. Ke2 Bb4 54. Rh3 Kd5 55. g5 Rg1 56. Kd3 Rg4 57. Ke3
Rxg5 58. Kd3 Be7 59. Rh7 Rg3+ 60. Kc2 Bb4 61. Rh8 Rc3+ 62. Kb2 Kxd4 63. Rh4+
Kc5 64. Rh5+ Kb6 65. Rd5 Rc5 66. Rd6+ Rc6 67. Rd7 Rg6 68. Rd4 Rg2+ 69. Kc1 Kc5
70. Rd3 Re2 71. Kd1 Re4 72. Kc1 Rd4 73. Rh3 Rd2 74. Rh8 Re2 75. Rc8+ Kd4 76.
Rg8 Kd3 77. Rg3+ Re3 78. Rxe3+ Kxe3 79. Kc2 Kd4 80. Kb2 Kd3 81. Kb1 Kc3 82. Kc1
Kxb3 83. Kd1 Kxa4 84. Kc2 Ka3 85. Kd3 Kb3 86. Ke4 a4 87. Kd5 0-1